|
|
|
|
| LEADER |
03963nam a22004815i 4500 |
| 001 |
978-3-319-61569-1 |
| 003 |
DE-He213 |
| 005 |
20171123021700.0 |
| 007 |
cr nn 008mamaa |
| 008 |
170809s2017 gw | s |||| 0|eng d |
| 020 |
|
|
|a 9783319615691
|9 978-3-319-61569-1
|
| 024 |
7 |
|
|a 10.1007/978-3-319-61569-1
|2 doi
|
| 040 |
|
|
|d GrThAP
|
| 050 |
|
4 |
|a QH359-425
|
| 072 |
|
7 |
|a PSAJ
|2 bicssc
|
| 072 |
|
7 |
|a SCI027000
|2 bisacsh
|
| 082 |
0 |
4 |
|a 576.8
|2 23
|
| 245 |
1 |
0 |
|a Evolutionary Biology: Self/Nonself Evolution, Species and Complex Traits Evolution, Methods and Concepts
|h [electronic resource] /
|c edited by Pierre Pontarotti.
|
| 264 |
|
1 |
|a Cham :
|b Springer International Publishing :
|b Imprint: Springer,
|c 2017.
|
| 300 |
|
|
|a X, 396 p. 111 illus., 96 illus. in color.
|b online resource.
|
| 336 |
|
|
|a text
|b txt
|2 rdacontent
|
| 337 |
|
|
|a computer
|b c
|2 rdamedia
|
| 338 |
|
|
|a online resource
|b cr
|2 rdacarrier
|
| 347 |
|
|
|a text file
|b PDF
|2 rda
|
| 505 |
0 |
|
|a Part I: Self/Nonself Evolution, A new view of how MHC class I molecules fight disease: generalists and specialists -- Evolution and diversity of defensins in vertebrates -- Interdependencies between the adaptation and interference modules guide efficient CRISPR-Cas immunity -- How the other half lives: CRISPR-Cas’s influence on bacteriophages -- Hidden Silent Codes in Viral Genomes -- Self and Non-Self from a Genomic Perspective: Transposable Elements -- Mammalian-specific traits generated by LTR retrotransposon-derived SIRH genes.- Part II: Species Evolution and Evolution of Complex Traits, The life history of domesticated genes illuminates the evolution of novel mammalian genes -- Evolution of Complex Traits in Human Populations -- The descent of bison -- Convergent and parallel evolution in early Glires (Mammalia) -- Reductive evolution of apicomplexan parasites from phototrophic an-cestors.- Part III : Methods and Concepts, Evolution of milk oligosaccharides and their function in monotremes and marsupials -- Mechanistic Models of Protein Evolution -- Genome-wide screens for molecular convergent evolution in mammals -- Assessing evolutionary potential in tree species through ecology-informed genome screening -- Evolutionary constraints on coding sequences at the nucleotidic level: a statistical physics approach -- Case studies of seven gene families with unusual high retention rate since the Vertebrate and Teleost Whole Genome Duplications.
|
| 520 |
|
|
|a This book presents 19 selected contributions to the 20th Evolutionary Biology Meeting in Marseille, which took place in September 2016. They are grouped under the following major themes: · Self/Nonself Evolution · Species Evolution and Evolution of Complex Traits · Methods and Concepts The aims of the annual meetings in Marseille – which bring together leading evolutionary biologists and other scientists using evolutionary biology concepts, e.g. for medical research – are to promote the exchange of ideas and to encourage interdisciplinary collaborations. Offering a revealing overview of the latest findings in the field of evolutionary biology, this book represents an invaluable source of information for scientists, teachers and advanced students alike.
|
| 650 |
|
0 |
|a Life sciences.
|
| 650 |
|
0 |
|a Evolutionary biology.
|
| 650 |
|
0 |
|a Microbial genetics.
|
| 650 |
|
0 |
|a Microbial genomics.
|
| 650 |
|
0 |
|a Animal genetics.
|
| 650 |
1 |
4 |
|a Life Sciences.
|
| 650 |
2 |
4 |
|a Evolutionary Biology.
|
| 650 |
2 |
4 |
|a Microbial Genetics and Genomics.
|
| 650 |
2 |
4 |
|a Plant Genetics and Genomics.
|
| 650 |
2 |
4 |
|a Animal Genetics and Genomics.
|
| 700 |
1 |
|
|a Pontarotti, Pierre.
|e editor.
|
| 710 |
2 |
|
|a SpringerLink (Online service)
|
| 773 |
0 |
|
|t Springer eBooks
|
| 776 |
0 |
8 |
|i Printed edition:
|z 9783319615684
|
| 856 |
4 |
0 |
|u http://dx.doi.org/10.1007/978-3-319-61569-1
|z Full Text via HEAL-Link
|
| 912 |
|
|
|a ZDB-2-SBL
|
| 950 |
|
|
|a Biomedical and Life Sciences (Springer-11642)
|